Statistics for Tom Hardy Filmography

Click here to take the quiz!

General Stats

  • This quiz has been taken 105 times
    (38 since last reset)
  • The average score is 12 of 60

Answer Stats

Type Year Name % Correct
Film2012The Dark Knight Rises
89%
Film2018Venom
78%
Film2010Inception
72%
Film2015Mad Max: Fury Road
61%
TV Show2014-PresentPeaky Blinders
61%
Film2015The Revenant
58%
Film2008Bronson
53%
Film2011Warrior
53%
Film2015Legend
50%
Film2012Lawless
50%
Film2017Dunkirk
47%
Film2020Venom 2
42%
Film2013Locke
42%
Film2012This Means War
33%
TV Show2017-PresentTaboo
33%
Film2011Tinker Tailor Soldier Spy
31%
Film2008RocknRolla
28%
TV Show2001Band of Brothers
28%
Film2014The Drop
25%
TV Mini-Series2009Wuthering Heights
17%
Film2002Star Trek: Nemesis
17%
Film2004L4YER CAKƐ
17%
Film2015Child 44
14%
TV Film2007Stuart: A Life Backwards
14%
Film2001Black Hawk Down
11%
Production2019A Christmas Carol
11%
TV Show2007Oliver Twist
11%
TV Show2009The Take
11%
Film2006Minotaur
6%
Film2007Flood
6%
Film2015London Road
6%
Film2006Scenes of a Sexual Nature
6%
Film2009Thick as Thieves
6%
TV Mini-Series2005The Virgin Queen
6%
TV Film2006Sweeney Todd
6%
Film2008Sucker Punch
6%
Film2003The Reckoning
6%
Theater2003The Modernists
3%
TV Show2017CBeebies Bedtime Stories
3%
Theater2003In Arabia We'd All Be Kings
3%
Film2003LD 50 Lethal Dose
3%
Film2017Star Wars: The Last Jedi
3%
Film2003Dot the i
3%
Film2020Fonzo
3%
Theater2003Blood
3%
Film2007WΔZ
3%
TV Show2013Poaching Wars
3%
TV Show2013Driven to Extremes
3%
Film2004EMR
3%
Theater2004Festen
3%
Short Film2011Sergeant Slaughter, My Big Brother
3%
TV Film2006Gideon's Daughter
3%
Theater2010The Long Red Road
3%
TV Film2006A for Andromeda
3%
Short Film2009Perfect
3%
Film2006Marie Antionette
3%
Theater2007The Man of Mode
3%
TV Show2007Cape Wrath
3%
Film2007The Inheritance
3%
TV Mini-Series2005Colditz
3%

Score Distribution

Percentile by Number Answered

Percent of People with Each Score

Your Score History

You have not taken this quiz since the last reset